| 000 | 01166cab a2200373 4500 | ||
|---|---|---|---|
| 001 | ABS53216 | ||
| 008 | 090401t1995 xxu||||| |||| 00| 0 eng d | ||
| 035 | _a(Sirsi) u2697 | ||
| 041 | _aeng | ||
| 245 | _aDistribution and industrial | ||
| 260 | _c1995 | ||
| 350 | _a0 | ||
| 490 |
_aProperty Week _v52(3) 20 July 1995, 36-61(11) |
||
| 520 | _aCovers the European distribution market, the effect on location of distribution depots of the new speed limit on larger vehicles, the security of vehicles in distribution parks, an example of partnering in line with the Latham report and automation of Royal Mail. | ||
| 650 | _aCOMPARISON | ||
| 650 | _aDISTRIBUTION INDUSTRY | ||
| 650 | _aDISTRIBUTION MARKET | ||
| 650 | _aEUROLEASE | ||
| 650 | _aEUROPE | ||
| 650 | _aGAZELEY | ||
| 650 | _aINDUSTRIAL RENTS | ||
| 650 | _aLEASE STRUCTURE | ||
| 650 | _aLEASES | ||
| 650 | _aLORRIES | ||
| 650 | _aROYAL MAIL | ||
| 650 | _aSECURITY | ||
| 650 | _aSPEED LIMITS | ||
| 650 | _aVANDALISM | ||
| 650 | _aWAREHOUSES | ||
| 650 | _aWAREHOUSING | ||
| 690 | _aPROPERTY-COMMERCIAL PROPERTY-COMMERCIAL PROPERTY MARKET | ||
| 942 | _n0 | ||
| 948 | _c04/03/1997 | ||
| 999 |
_c1625 _d1625 |
||